| 000 | 00452nam a2200157 i 4500 | ||
|---|---|---|---|
| 001 | 129818 | ||
| 003 | ES-MaACL | ||
| 005 | 20230906193602.0 | ||
| 007 | t| | ||
| 008 | 070706s1946 sp ||||1| spa d | ||
| 100 | 1 |
_aZubiaurre, Antonio de. _9118395 |
|
| 245 | 1 | 0 |
_aPoemas del mar solo / _cAntonio de Zubiaurre. |
| 260 |
_aMadrid : _b[s.n.], _c1946 ( _fImp. de Silverio Aguirre) |
||
| 300 |
_a15 p. ; _c17 cm. |
||
| 852 |
_aES-MaACL _j1487-F-4 _bR.26890 |
||
| 999 |
_c129818 _d129818 |
||